LDR 00859naa#a2200181#i#450# 001 EN\\bibl\123362 005 20260705235824.7 011 ## _a1994-4683 100 ## _a20230731b2023####ek#y0engy0150####ca 102 ## _aRU 200 1# _aMOTOR ACTIVITY OF STUDENTS OF ELEMENTARY GRADES ON THE EXAMPLE OF SMALL RURAL SCHOOLS OF THE REPUBLIC OF SAKHA (YAKUTIA) _eJournal article 210 1# _aMoscow _cNational State University of Physical Education, Sports and Health named after P.F. Lesgaft _d2023 215 ## _a2 с. 608 ## _aJournal article _2local 675 ## _aМетодика физического воспитания. Пути и средства физического воспитания. Учебные заведения физической культуры. 796.011.3 _z 700 #1 _aVinokurova _gN A 700 #1 _aVinokurova _gO A 856 4# _auchzapiski.lesgaft.spb.ru _u